书目信息 |
| 题名: |
古代文学探讨集
|
|
| 作者: | 郭预衡 著 | |
| 分册: | ||
| 出版信息: | 北京 北京师范大学出版社 1981.4 |
|
| 页数: | 463页 | |
| 开本: | 20cm | |
| 丛书名: | ||
| 单 册: | ||
| 中图分类: | I206.2 | |
| 科图分类: | ||
| 主题词: | 古典文学--文学研究--中国 , 古典文学--文学评论--中国 | |
| 电子资源: | ||
| ISBN: | ||
| 000 | 00577nam0 2200205 45 | |
| 001 | 0312221749 | |
| 005 | 20050401110338.5 | |
| 010 | @dCNY1.75 | |
| 100 | @a20031222d1981 km y0chiy0120 ea | |
| 101 | @achi | |
| 105 | @a z 000yy | |
| 200 | 1 | @a古代文学探讨集@AGu Dai Wen Xue Tan Tao Ji@f郭预衡著@FGuo Yu Heng Zhu |
| 210 | @a北京@c北京师范大学出版社@d1981.4 | |
| 215 | @a463页@d20cm | |
| 606 | 0 | @a古典文学@x文学研究@y中国 |
| 606 | 0 | @a古典文学@x文学评论@y中国 |
| 690 | @aI206.2@v3 | |
| 701 | 0 | @a郭预衡@4著 |
| 801 | @aCN@bTSTCL@c20031222 | |
| 905 | @dI206.2@e101@b174640@f1 | |
| 古代文学探讨集/郭预衡著.-北京:北京师范大学出版社,1981.4 |
| 463页;20cm |
| ISBN :CNY1.75 |
| ● |
| 相关链接 |
|
|
|
|
正题名:古代文学探讨集
索取号:I206.2/101
 
预约/预借
| 序号 | 登录号 | 条形码 | 馆藏地/架位号 | 状态 | 备注 |
| 1 | 0174640 | 002016188 | 第二借阅区/ [索取号:I206.2/101] | 在馆 | |
| 2 | 0174641 | 000049021 | 第一样本阅览室/ [索取号:I206.2/101] | 在馆 |